000 00318nam a22001457a 4500
003 OSt
005 20220211132851.0
008 220211b |||||||| |||| 00| 0 eng d
020 _a0070590893
040 _cHU
082 _a627
100 _aVedula
_930282
245 _aWater Resources System
942 _2ddc
_cBOOKS
_n0
999 _c30029
_d30029